000 00594nam a2200253Ia 4500
008 170203s9999 xx 000 0 und d
020 _a0-151003262
050 _aFic
050 _b.L676a 1998
100 _aLewis, Sara.
245 4 _aThe Answer is Yes /
245 _cSara Lewis.
260 _aNew York :
260 _bHarcourt Brace,
260 _c1998
300 _a274 pages;
300 _c22 cm
650 _aAdopted children --
650 _aCommunity theater --
650 _aMarried women --
650 _xFiction.
650 _xFiction.
650 _xFiction.
999 _c306094
_d306094